000 00840nam a2200253 i 4500
001 7626
003 ES-MaACL
005 20230906145300.0
007 t|
008 910307s1990 sp ||||1| spa d
020 _a84-7434-646-0
080 _a331.88(09)
100 1 _aWebb, Sidney.
_9116243
245 1 0 _aHistoria del sindicalismo
_b: 1666-1920 /
_cSidney y Beatrice Webb.
260 _aMadrid :
_bMinisterio de Trabajo y Seguridad Social,
_cD.L. 1990.
300 _a725 p. ;
_c23 cm.
490 1 _aColeccion clasicos ;
_v10
650 1 4 _aSindicalismo-
_zGran Bretaña-
_vHistoria.
_917114
700 1 _aWebb, Beatrice.
_9116235
710 1 _aEspaña.
_bMinisterio de Trabajo y Seguridad Social.
_93936
830 0 _aColeccion clasicos ;
_v10
_9183874
852 _aES-MaACL
_jL-14882
_bR.119046
_z. - rust.
999 _c7626
_d7626